Topographie der Welt - Statistiken

Allgemein
  • Dieses Quiz wurde 192 mal gespielt
  • Das Durchschnittsergebnis liegt bei 5 aus 15
Antwortstatistiken
Hint Antwort % Korrekt
Größte Sandwüste der welt Sahara
98%
Zweithöchster Berg K2
68%
Zweitkleinstes Land Monaco
61%
Zu welchem Land gehört die Osterinsel Chile
45%
Überseegebiet von Großbritannienzwischen Großbritannien und Irland Isle of man
43%
Größter See Afrikas Viktoriasee
38%
Früherer Name Kongos Zaire
34%
Längster Fluss Asiens Jangtsekiang
29%
Urkontinent Pangäa
29%
Größte der ABC Inseln Curacao
19%
Wo entwickelte sich die erste Zivilisation Mesopotamien
14%
Gebirge Neuseelands Südalpen
14%
Drittgrößte Stadt Japans Nagoya
13%
Ärmstes Land nach BIP pro Kopf Burundi
8%
Abgelegenste bewohnte Inseln Tristand da Cunha
0%
Keine übereinstimmenden Quizze gefunden
Verteilung der Resultate
Anzahl Personen mit jedem Resultat
Perzentil nach korrekt beantworteten Fragen
Ihre Resultats-Entwicklung
Sie haben dieses Quiz noch nicht gespielt